[Event "DEM U16 2025"]
[Site "Willingen GER"]
[Date "2025.06.13"]
[Round "8"]
[White "Korchynskyi, Mykola"]
[Black "Malinowsky, Levi"]
[Result "0-1"]
[Termination "normal"]
[Board "1"]
[WhiteTitle "FM"]
[BlackTitle "CM"]
[WhiteElo "2335"]
[BlackElo "2193"]
[WhiteClock "00:07:48"]
[BlackClock "00:22:25"]
[PlyCount "120"]
[WhiteFideId "34138005"]
[BlackFideId "16253094"]
[EventCountry "GER"]
[EventRounds "9"]
[EventType "swiss"]
[EventDate "2025.06.07"]

1. d4 {[%clk 01:30:41]} {[%emt 00:00:17]} Nf6 {[%clk 01:30:48]} {[%emt
00:00:13]} 2. c4 {[%clk 01:31:05]} {[%emt 00:00:05]} g6 {[%clk 01:31:05]}
{[%emt 00:00:14]} 3. h4 {[%clk 01:31:27]} {[%emt 00:00:08]} Bg7 {[%clk
01:31:10]} {[%emt 00:00:24]} 4. Nc3 {[%clk 01:31:49]} {[%emt 00:00:08]} c5
{[%clk 01:31:04]} {[%emt 00:00:36]} 5. d5 {[%clk 01:27:43]} {[%emt 00:04:36]}
d6 {[%clk 01:31:08]} {[%emt 00:00:26]} 6. e4 {[%clk 01:27:55]} {[%emt
00:00:17]} e6 {[%clk 01:31:07]} {[%emt 00:00:32]} 7. Be2 {[%clk 01:28:07]}
{[%emt 00:00:16]} exd5 {[%clk 01:30:27]} {[%emt 00:01:11]} 8. exd5 {[%clk
01:27:31]} {[%emt 00:01:06]} Nbd7 {[%clk 01:29:46]} {[%emt 00:01:10]} 9. Nf3
{[%clk 01:27:44]} {[%emt 00:00:17]} O-O {[%clk 01:19:54]} {[%emt 00:10:22]} 10.
Bf4 {[%clk 00:45:12]} {[%emt 00:43:03]} Qe7 {[%clk 01:16:26]} {[%emt 00:03:58]}
11. Qd2 {[%clk 00:44:29]} {[%emt 00:01:12]} Ng4 {[%clk 01:00:56]} {[%emt
00:16:01]} 12. h5 {[%clk 00:38:23]} {[%emt 00:06:36]} Nde5 {[%clk 00:56:26]}
{[%emt 00:05:00]} 13. Kf1 {[%clk 00:36:30]} {[%emt 00:02:22]} Nxf3 {[%clk
00:52:29]} {[%emt 00:04:29]} 14. Bxf3 {[%clk 00:32:58]} {[%emt 00:04:01]} Ne5
{[%clk 00:51:54]} {[%emt 00:01:05]} 15. Re1 {[%clk 00:32:08]} {[%emt 00:01:20]}
Bf5 {[%clk 00:40:52]} {[%emt 00:11:32]} 16. Bxe5 {[%clk 00:22:26]} {[%emt
00:10:12]} Bxe5 {[%clk 00:37:17]} {[%emt 00:04:05]} 17. g3 {[%emt 00:12:43]}
Qf6 {[%clk 00:30:02]} {[%emt 00:07:42]} 18. Kg2 {[%clk 00:10:18]} {[%emt
00:00:27]} Rfe8 {[%clk 00:27:41]} {[%emt 00:02:52]} 19. Nd1 {[%clk 00:09:17]}
{[%emt 00:01:30]} Bd4 {[%clk 00:25:07]} {[%emt 00:03:04]} 20. hxg6 {[%clk
00:06:00]} {[%emt 00:03:47]} fxg6 {[%clk 00:23:52]} {[%emt 00:01:46]} 21. Ne3
{[%clk 00:04:49]} {[%emt 00:01:41]} Qg5 {[%clk 00:19:26]} {[%emt 00:04:56]} 22.
Rh4 {[%clk 00:04:40]} {[%emt 00:00:39]} Re5 {[%clk 00:17:29]} {[%emt 00:02:28]}
23. Rf4 {[%clk 00:04:15]} {[%emt 00:00:55]} Rae8 {[%clk 00:15:18]} {[%emt
00:02:41]} 24. Nxf5 {[%clk 00:00:32]} {[%emt 00:04:12]} Rxe1 {[%clk 00:14:53]}
{[%emt 00:00:56]} 25. Ng7 {[%clk 00:00:33]} {[%emt 00:00:29]} Bxg7 {[%clk
00:09:48]} {[%emt 00:05:35]} 26. Rf8+ {[%clk 00:00:57]} {[%emt 00:00:05]} Rxf8
{[%clk 00:10:06]} {[%emt 00:00:13]} 27. Qxg5 {[%clk 00:01:23]} {[%emt
00:00:03]} Re5 {[%clk 00:09:56]} {[%emt 00:00:40]} 28. Qd2 {[%clk 00:01:24]}
{[%emt 00:00:29]} Ref5 {[%clk 00:07:34]} {[%emt 00:02:53]} 29. Bg4 {[%clk
00:01:49]} {[%emt 00:00:05]} Rxf2+ {[%clk 00:07:35]} {[%emt 00:00:29]} 30. Qxf2
{[%clk 00:02:16]} {[%emt 00:00:03]} Rxf2+ {[%clk 00:07:59]} {[%emt 00:00:06]}
31. Kxf2 {[%clk 00:02:44]} {[%emt 00:00:03]} Bxb2 {[%clk 00:08:21]} {[%emt
00:00:08]} 32. Bc8 {[%clk 00:02:05]} {[%emt 00:01:08]} b6 {[%clk 00:08:39]}
{[%emt 00:00:12]} 33. Kf3 {[%clk 00:01:58]} {[%emt 00:00:38]} Kg7 {[%clk
00:08:54]} {[%emt 00:00:15]} 34. Bd7 {[%clk 00:01:00]} {[%emt 00:01:28]} Kf6
{[%clk 00:08:45]} {[%emt 00:00:39]} 35. Ke4 {[%clk 00:01:12]} {[%emt 00:00:17]}
Bc3 {[%clk 00:07:53]} {[%emt 00:01:22]} 36. Kf4 {[%clk 00:01:04]} {[%emt
00:00:39]} h5 {[%clk 00:06:19]} {[%emt 00:02:04]} 37. Be8 {[%clk 00:00:52]}
{[%emt 00:00:42]} g5+ {[%clk 00:06:08]} {[%emt 00:00:40]} 38. Ke4 {[%clk
00:01:09]} {[%emt 00:00:13]} h4 {[%clk 00:06:05]} {[%emt 00:00:33]} 39. gxh4
{[%clk 00:01:36]} {[%emt 00:00:04]} gxh4 {[%clk 00:06:32]} {[%emt 00:00:04]}
40. Bd7 {[%clk 00:02:00]} {[%emt 00:00:06]} Ke7 {[%clk 00:05:02]} {[%emt
00:01:59]} 41. Bh3 {[%clk 00:02:16]} {[%emt 00:00:14]} Be5 {[%clk 00:04:17]}
{[%emt 00:01:15]} 42. Kd3 {[%clk 00:26:33]} {[%emt 00:06:13]} Bd4 {[%clk
00:29:59]} {[%emt 00:04:48]} 43. Bf1 {[%clk 00:22:28]} {[%emt 00:04:35]} Bg1
{[%clk 00:24:44]} {[%emt 00:05:45]} 44. Bh3 {[%clk 00:22:47]} {[%emt 00:00:10]}
Kf6 {[%clk 00:24:37]} {[%emt 00:00:38]} 45. Ke4 {[%clk 00:22:49]} {[%emt
00:00:29]} Kg5 {[%clk 00:24:57]} {[%emt 00:00:09]} 46. a4 {[%clk 00:18:16]}
{[%emt 00:05:03]} Kf6 {[%clk 00:24:44]} {[%emt 00:00:43]} 47. Bc8 {[%clk
00:13:53]} {[%emt 00:04:52]} Ke7 {[%clk 00:23:32]} {[%emt 00:01:43]} 48. Kd3
{[%clk 00:14:18]} {[%emt 00:00:05]} Kd8 {[%clk 00:23:41]} {[%emt 00:00:21]} 49.
Bh3 {[%clk 00:14:35]} {[%emt 00:00:13]} Kc7 {[%clk 00:23:55]} {[%emt 00:00:17]}
50. Kc2 {[%clk 00:14:55]} {[%emt 00:00:08]} Kb7 {[%clk 00:24:14]} {[%emt
00:00:12]} 51. Kb3 {[%clk 00:14:20]} {[%emt 00:01:06]} Ka6 {[%clk 00:24:28]}
{[%emt 00:00:14]} 52. Bf1 {[%clk 00:12:20]} {[%emt 00:02:31]} Ka5 {[%clk
00:24:34]} {[%emt 00:00:24]} 53. Ka3 {[%clk 00:12:46]} {[%emt 00:00:05]} Bf2
{[%clk 00:24:26]} {[%emt 00:00:38]} 54. Kb3 {[%clk 00:12:44]} {[%emt 00:00:31]}
Be1 {[%clk 00:24:40]} {[%emt 00:00:16]} 55. Bh3 {[%clk 00:12:49]} {[%emt
00:00:26]} a6 {[%clk 00:24:40]} {[%emt 00:00:30]} 56. Bd7 {[%clk 00:13:07]}
{[%emt 00:00:11]} Bb4 {[%clk 00:24:08]} {[%emt 00:01:03]} 57. Kb2 {[%clk
00:12:26]} {[%emt 00:01:11]} b5 {[%clk 00:22:12]} {[%emt 00:02:25]} 58. axb5
{[%clk 00:07:34]} {[%emt 00:05:22]} axb5 {[%clk 00:22:29]} {[%emt 00:00:13]}
59. cxb5 {[%clk 00:08:00]} {[%emt 00:00:04]} c4 {[%clk 00:22:44]} {[%emt
00:00:15]} 60. Kc2 {[%clk 00:07:48]} {[%emt 00:00:42]} Kb6 {[%clk 00:22:25]}
{[%emt 00:00:49]} 0-1

[Event "DEM U16 2025"]
[Site "Willingen GER"]
[Date "2025.06.13"]
[Round "8"]
[White "Atoyan, Alberto"]
[Black "Klaska, Philipp Leon"]
[Result "1/2-1/2"]
[Termination "normal"]
[Board "2"]
[WhiteTitle "CM"]
[BlackTitle "FM"]
[WhiteElo "2266"]
[BlackElo "2248"]
[WhiteClock "00:23:08"]
[BlackClock "00:17:48"]
[PlyCount "89"]
[WhiteFideId "13314831"]
[BlackFideId "16238044"]
[EventCountry "GER"]
[EventRounds "9"]
[EventType "swiss"]
[EventDate "2025.06.07"]

1. d4 {[%clk 01:30:53]} {[%emt 00:00:06]} Nf6 {[%clk 01:30:07]} {[%emt
00:00:53]} 2. c4 {[%clk 01:31:11]} {[%emt 00:00:13]} c5 {[%clk 01:26:48]}
{[%emt 00:03:50]} 3. d5 {[%clk 01:31:33]} {[%emt 00:00:07]} b5 {[%clk
01:27:02]} {[%emt 00:00:16]} 4. cxb5 {[%clk 01:31:55]} {[%emt 00:00:08]} a6
{[%clk 01:27:25]} {[%emt 00:00:08]} 5. bxa6 {[%clk 01:32:17]} {[%emt 00:00:08]}
Bxa6 {[%clk 01:27:45]} {[%emt 00:00:10]} 6. Nc3 {[%clk 01:32:38]} {[%emt
00:00:08]} g6 {[%clk 01:28:00]} {[%emt 00:00:16]} 7. e4 {[%clk 01:32:56]}
{[%emt 00:00:11]} Bxf1 {[%clk 01:28:19]} {[%emt 00:00:11]} 8. Kxf1 {[%clk
01:33:21]} {[%emt 00:00:05]} d6 {[%clk 01:28:41]} {[%emt 00:00:07]} 9. g3
{[%clk 01:33:42]} {[%emt 00:00:10]} Bg7 {[%clk 01:28:53]} {[%emt 00:00:18]} 10.
Kg2 {[%clk 01:34:03]} {[%emt 00:00:09]} O-O {[%clk 01:28:44]} {[%emt 00:00:39]}
11. Nf3 {[%clk 01:34:26]} {[%emt 00:00:08]} Nbd7 {[%clk 01:26:45]} {[%emt
00:02:29]} 12. a4 {[%clk 01:34:48]} {[%emt 00:00:07]} Qb6 {[%clk 01:22:09]}
{[%emt 00:05:07]} 13. Ra3 {[%clk 01:35:03]} {[%emt 00:00:15]} Rfb8 {[%clk
01:19:33]} {[%emt 00:03:06]} 14. Nd2 {[%clk 01:35:11]} {[%emt 00:00:22]} Ne8
{[%clk 01:14:57]} {[%emt 00:05:05]} 15. h4 {[%clk 01:35:19]} {[%emt 00:00:22]}
Nc7 {[%clk 01:03:25]} {[%emt 00:12:02]} 16. h5 {[%clk 01:27:45]} {[%emt
00:08:04]} Qa6 {[%clk 00:47:36]} {[%emt 00:16:19]} 17. hxg6 {[%clk 01:15:51]}
{[%emt 00:12:24]} fxg6 {[%clk 00:34:41]} {[%emt 00:13:25]} 18. Nf3 {[%clk
01:09:49]} {[%emt 00:06:32]} Nf6 {[%clk 00:27:27]} {[%emt 00:07:44]} 19. Qc2
{[%clk 01:04:02]} {[%emt 00:06:18]} Rb4 {[%clk 00:25:18]} {[%emt 00:02:38]} 20.
Re1 {[%clk 00:45:32]} {[%emt 00:19:00]} Rf8 {[%clk 00:23:59]} {[%emt 00:01:49]}
21. Bd2 {[%clk 00:41:39]} {[%emt 00:04:23]} Qb7 {[%clk 00:19:13]} {[%emt
00:05:16]} 22. Nd1 {[%clk 00:41:33]} {[%emt 00:00:36]} Rb6 {[%clk 00:18:44]}
{[%emt 00:00:59]} 23. Ba5 {[%clk 00:38:16]} {[%emt 00:03:47]} Ra6 {[%clk
00:18:28]} {[%emt 00:00:46]} 24. Bxc7 {[%clk 00:38:28]} {[%emt 00:00:18]} Qxc7
{[%clk 00:18:46]} {[%emt 00:00:12]} 25. Ne3 {[%clk 00:30:00]} {[%emt 00:08:58]}
Qd7 {[%clk 00:15:51]} {[%emt 00:03:25]} 26. Ng5 {[%clk 00:27:45]} {[%emt
00:02:45]} Rb8 {[%clk 00:15:04]} {[%emt 00:01:17]} 27. Ne6 {[%clk 00:27:24]}
{[%emt 00:00:50]} Rb4 {[%clk 00:14:36]} {[%emt 00:00:58]} 28. Nxg7 {[%clk
00:24:47]} {[%emt 00:03:07]} Kxg7 {[%clk 00:14:57]} {[%emt 00:00:10]} 29. Nc4
{[%clk 00:24:45]} {[%emt 00:00:32]} e6 {[%clk 00:10:15]} {[%emt 00:05:12]} 30.
Qc3 {[%clk 00:13:46]} {[%emt 00:11:29]} Ra8 {[%clk 00:07:27]} {[%emt 00:03:18]}
31. a5 {[%clk 00:05:37]} {[%emt 00:08:40]} Re8 {[%clk 00:07:03]} {[%emt
00:00:53]} 32. Nxd6 {[%clk 00:05:07]} {[%emt 00:01:00]} Qxd6 {[%clk 00:07:09]}
{[%emt 00:00:24]} 33. dxe6 {[%clk 00:04:04]} {[%emt 00:01:33]} Qxe6 {[%clk
00:06:18]} {[%emt 00:01:21]} 34. Qxc5 {[%clk 00:02:55]} {[%emt 00:01:39]} Rxb2
{[%clk 00:04:38]} {[%emt 00:02:10]} 35. a6 {[%clk 00:01:24]} {[%emt 00:02:01]}
Qb6 {[%clk 00:03:43]} {[%emt 00:01:23]} 36. Qxb6 {[%clk 00:01:13]} {[%emt
00:00:43]} Rxb6 {[%clk 00:04:12]} {[%emt 00:00:01]} 37. e5 {[%clk 00:01:22]}
{[%emt 00:00:22]} Ng8 {[%clk 00:03:52]} {[%emt 00:00:49]} 38. Rc1 {[%clk
00:01:02]} {[%emt 00:00:50]} Rbb8 {[%clk 00:02:28]} {[%emt 00:01:54]} 39. f4
{[%clk 00:01:04]} {[%emt 00:00:28]} Ra8 {[%clk 00:02:26]} {[%emt 00:00:32]} 40.
Rc6 {[%clk 00:01:15]} {[%emt 00:00:19]} Kf7 {[%clk 00:01:12]} {[%emt 00:01:43]}
41. Kf3 {[%clk 00:25:35]} {[%emt 00:06:11]} Re6 {[%clk 00:24:41]} {[%emt
00:07:00]} 42. Rc7+ {[%clk 00:21:57]} {[%emt 00:04:09]} Re7 {[%clk 00:21:22]}
{[%emt 00:03:48]} 43. Rc6 {[%clk 00:22:18]} {[%emt 00:00:10]} Re6 {[%clk
00:19:08]} {[%emt 00:02:44]} 44. Rc7+ {[%clk 00:22:43]} {[%emt 00:00:05]} Re7
{[%clk 00:17:48]} {[%emt 00:01:49]} 45. Rc6 {[%clk 00:23:08]} {[%emt 00:00:05]}
1/2-1/2

[Event "DEM U16 2025"]
[Site "Willingen GER"]
[Date "2025.06.13"]
[Round "8"]
[White "Nuñez Grégoire, Daniel"]
[Black "Herrmann, Jakob"]
[Result "1/2-1/2"]
[Termination "normal"]
[Board "3"]
[BlackTitle "FM"]
[WhiteElo "2167"]
[BlackElo "2296"]
[WhiteClock "00:33:46"]
[BlackClock "00:26:31"]
[PlyCount "87"]
[WhiteFideId "34627103"]
[BlackFideId "16287169"]
[EventCountry "GER"]
[EventRounds "9"]
[EventType "swiss"]
[EventDate "2025.06.07"]

1. d4 {[%clk 01:30:59]} d5 {[%clk 01:30:40]} {[%emt 00:00:20]} 2. c4 {[%clk
01:31:24]} {[%emt 00:00:05]} e6 {[%clk 01:31:06]} {[%emt 00:00:04]} 3. Nf3
{[%clk 01:31:51]} {[%emt 00:00:03]} c6 {[%clk 01:31:01]} {[%emt 00:00:36]} 4.
Nbd2 {[%clk 01:32:15]} {[%emt 00:00:05]} Nf6 {[%clk 01:31:22]} {[%emt
00:00:08]} 5. e3 {[%clk 01:32:39]} {[%emt 00:00:07]} Nbd7 {[%clk 01:25:39]}
{[%emt 00:06:13]} 6. b3 {[%clk 01:32:53]} {[%emt 00:00:16]} Bd6 {[%clk
01:24:55]} {[%emt 00:01:14]} 7. Bb2 {[%clk 01:33:08]} {[%emt 00:00:14]} Qe7
{[%clk 01:22:42]} {[%emt 00:02:43]} 8. Bd3 {[%clk 01:32:32]} {[%emt 00:01:06]}
e5 {[%clk 01:09:35]} {[%emt 00:13:37]} 9. dxe5 {[%clk 01:31:02]} {[%emt
00:02:01]} Nxe5 {[%clk 01:09:59]} {[%emt 00:00:06]} 10. Nxe5 {[%clk 01:30:47]}
{[%emt 00:00:45]} Bxe5 {[%clk 01:10:25]} {[%emt 00:00:05]} 11. Bxe5 {[%clk
01:30:15]} {[%emt 00:01:02]} Qxe5 {[%clk 01:10:50]} {[%emt 00:00:05]} 12. O-O
{[%clk 01:28:26]} {[%emt 00:02:18]} Bg4 {[%clk 01:06:09]} {[%emt 00:05:11]} 13.
Nf3 {[%clk 01:06:18]} {[%emt 00:22:39]} Bxf3 {[%clk 01:03:59]} {[%emt
00:02:39]} 14. Qxf3 {[%clk 01:05:39]} {[%emt 00:01:09]} O-O {[%clk 01:04:22]}
{[%emt 00:00:08]} 15. Rad1 {[%clk 01:03:37]} {[%emt 00:02:31]} Rad8 {[%clk
01:03:20]} {[%emt 00:01:32]} 16. cxd5 {[%clk 00:59:41]} {[%emt 00:04:27]} Nxd5
{[%clk 00:59:47]} {[%emt 00:04:03]} 17. Bc4 {[%clk 00:56:22]} {[%emt 00:03:49]}
Nf6 {[%clk 00:57:56]} {[%emt 00:02:20]} 18. Rxd8 {[%clk 00:53:20]} {[%emt
00:03:32]} Rxd8 {[%clk 00:57:27]} {[%emt 00:00:59]} 19. Rd1 {[%clk 00:52:22]}
{[%emt 00:01:28]} Rd6 {[%clk 00:39:42]} {[%emt 00:18:15]} 20. g4 {[%clk
00:48:04]} {[%emt 00:04:47]} h6 {[%clk 00:31:11]} {[%emt 00:09:01]} 21. h4
{[%clk 00:40:17]} {[%emt 00:08:17]} Rxd1+ {[%clk 00:29:08]} {[%emt 00:02:34]}
22. Qxd1 {[%clk 00:40:45]} {[%emt 00:00:01]} g5 {[%clk 00:29:30]} {[%emt
00:00:09]} 23. hxg5 {[%clk 00:37:32]} {[%emt 00:03:43]} Qxg5 {[%clk 00:21:11]}
{[%emt 00:08:48]} 24. Qd8+ {[%clk 00:26:52]} {[%emt 00:11:09]} Kg7 {[%clk
00:21:36]} {[%emt 00:00:06]} 25. Be2 {[%clk 00:26:23]} {[%emt 00:00:59]} h5
{[%clk 00:14:27]} {[%emt 00:07:40]} 26. Qe7 {[%clk 00:25:09]} {[%emt 00:01:43]}
b5 {[%clk 00:14:52]} {[%emt 00:00:05]} 27. Qxa7 {[%clk 00:22:07]} {[%emt
00:03:32]} hxg4 {[%clk 00:10:54]} {[%emt 00:04:29]} 28. Qd4 {[%clk 00:21:00]}
{[%emt 00:01:36]} g3 {[%clk 00:08:52]} {[%emt 00:02:32]} 29. Bf3 {[%clk
00:16:18]} {[%emt 00:05:13]} c5 {[%clk 00:06:09]} {[%emt 00:03:13]} 30. Qf4
{[%clk 00:13:57]} {[%emt 00:02:50]} gxf2+ {[%clk 00:06:33]} {[%emt 00:00:07]}
31. Kxf2 {[%clk 00:14:18]} {[%emt 00:00:09]} Qxf4 {[%clk 00:07:00]} {[%emt
00:00:04]} 32. exf4 {[%clk 00:14:42]} {[%emt 00:00:06]} b4 {[%clk 00:07:27]}
{[%emt 00:00:02]} 33. Ke3 {[%clk 00:14:03]} {[%emt 00:01:09]} Kf8 {[%clk
00:07:53]} {[%emt 00:00:04]} 34. Kd3 {[%clk 00:11:59]} {[%emt 00:02:34]} Ke7
{[%clk 00:08:19]} {[%emt 00:00:04]} 35. Kc4 {[%clk 00:09:23]} {[%emt 00:03:07]}
Kd6 {[%clk 00:08:45]} {[%emt 00:00:03]} 36. Kb5 {[%clk 00:09:06]} {[%emt
00:00:47]} Ne8 {[%clk 00:07:59]} {[%emt 00:01:16]} 37. Bh5 {[%clk 00:08:13]}
{[%emt 00:01:23]} Nc7+ {[%clk 00:08:25]} {[%emt 00:00:04]} 38. Kc4 {[%clk
00:08:05]} {[%emt 00:00:38]} f6 {[%clk 00:08:22]} {[%emt 00:00:33]} 39. Bf7
{[%clk 00:07:52]} {[%emt 00:00:41]} Kc6 {[%clk 00:05:58]} {[%emt 00:02:54]} 40.
Kd3 {[%clk 00:04:52]} {[%emt 00:03:30]} Kd7 {[%clk 00:04:41]} {[%emt 00:01:48]}
41. Ke4 {[%clk 00:04:09]} {[%emt 00:01:12]} Kd6 {[%clk 00:04:06]} {[%emt
00:01:06]} 42. Kf5 {[%clk 00:03:50]} {[%emt 00:00:50]} Ke7 {[%clk 00:04:31]}
{[%emt 00:00:05]} 43. Bc4 {[%clk 00:04:00]} {[%emt 00:00:18]} Ne8 {[%clk
00:26:31]} {[%emt 00:08:31]} 44. Ke4 {[%clk 00:33:46]} {[%emt 00:00:45]}
1/2-1/2

[Event "DEM U16 2025"]
[Site "Willingen GER"]
[Date "2025.06.13"]
[Round "8"]
[White "Zobel, Christian"]
[Black "Lu, Yunong Elias"]
[Result "1-0"]
[Termination "normal"]
[Board "4"]
[WhiteTitle "CM"]
[WhiteElo "2158"]
[BlackElo "2072"]
[WhiteClock "00:19:39"]
[BlackClock "00:51:00"]
[PlyCount "89"]
[WhiteFideId "16259068"]
[BlackFideId "16276426"]
[EventCountry "GER"]
[EventRounds "9"]
[EventType "swiss"]
[EventDate "2025.06.07"]

1. d4 {[%clk 01:30:44]} {[%emt 00:00:16]} d5 {[%clk 01:30:54]} {[%emt
00:00:07]} 2. c4 {[%clk 01:31:08]} {[%emt 00:00:06]} e6 {[%clk 01:31:20]}
{[%emt 00:00:04]} 3. Nc3 {[%clk 01:30:39]} {[%emt 00:01:00]} a6 {[%clk
01:31:45]} {[%emt 00:00:06]} 4. cxd5 {[%clk 01:30:11]} {[%emt 00:00:58]} exd5
{[%clk 01:32:11]} {[%emt 00:00:04]} 5. Qb3 {[%clk 01:30:01]} {[%emt 00:00:42]}
Nf6 {[%clk 01:31:11]} {[%emt 00:01:32]} 6. Bg5 {[%clk 01:29:47]} {[%emt
00:00:45]} c6 {[%clk 01:31:25]} {[%emt 00:00:16]} 7. e4 {[%clk 01:26:15]}
{[%emt 00:04:04]} Be7 {[%clk 01:28:07]} {[%emt 00:03:57]} 8. e5 {[%clk
01:22:43]} {[%emt 00:04:15]} Ne4 {[%clk 01:26:20]} {[%emt 00:02:22]} 9. Nxe4
{[%clk 01:17:25]} {[%emt 00:06:07]} dxe4 {[%clk 01:25:12]} {[%emt 00:01:42]}
10. Be3 {[%clk 01:16:13]} {[%emt 00:01:46]} b5 {[%clk 01:18:03]} {[%emt
00:07:55]} 11. Ne2 {[%clk 01:10:41]} {[%emt 00:06:18]} O-O {[%clk 01:09:46]}
{[%emt 00:08:56]} 12. Nc3 {[%clk 01:06:12]} {[%emt 00:05:15]} Bf5 {[%clk
01:07:49]} {[%emt 00:02:30]} 13. Be2 {[%clk 01:03:45]} {[%emt 00:02:58]} Nd7
{[%clk 01:06:29]} {[%emt 00:01:54]} 14. O-O {[%clk 00:55:18]} {[%emt 00:09:17]}
Bg5 {[%clk 01:00:45]} {[%emt 00:06:21]} 15. Rad1 {[%clk 00:50:02]} {[%emt
00:05:54]} Kh8 {[%clk 00:53:19]} {[%emt 00:08:09]} 16. Qc2 {[%clk 00:45:07]}
{[%emt 00:05:32]} Bxe3 {[%clk 00:49:01]} {[%emt 00:04:55]} 17. fxe3 {[%clk
00:45:35]} {[%emt 00:00:02]} Bg6 {[%clk 00:49:05]} {[%emt 00:00:27]} 18. Nxe4
{[%clk 00:41:20]} {[%emt 00:04:50]} c5 {[%clk 00:37:02]} {[%emt 00:12:51]} 19.
Bf3 {[%clk 00:35:41]} {[%emt 00:06:11]} cxd4 {[%clk 00:35:19]} {[%emt
00:02:18]} 20. exd4 {[%clk 00:36:04]} {[%emt 00:00:07]} Nb6 {[%clk 00:34:52]}
{[%emt 00:00:59]} 21. Qf2 {[%clk 00:34:01]} {[%emt 00:02:36]} Qe7 {[%clk
00:33:50]} {[%emt 00:01:34]} 22. Rfe1 {[%clk 00:28:50]} {[%emt 00:05:50]} Rfd8
{[%clk 00:32:02]} {[%emt 00:02:22]} 23. Nd6 {[%clk 00:24:19]} {[%emt 00:05:12]}
Rab8 {[%clk 00:32:02]} {[%emt 00:00:30]} 24. Be4 {[%clk 00:22:45]} {[%emt
00:02:09]} Kg8 {[%clk 00:30:11]} {[%emt 00:02:24]} 25. Bxg6 {[%clk 00:18:34]}
{[%emt 00:04:50]} hxg6 {[%clk 00:29:09]} {[%emt 00:01:35]} 26. Rd3 {[%clk
00:18:26]} {[%emt 00:00:39]} Nc4 {[%clk 00:27:31]} {[%emt 00:02:12]} 27. Nxc4
{[%clk 00:14:28]} {[%emt 00:04:29]} bxc4 {[%clk 00:27:50]} {[%emt 00:00:06]}
28. Rc3 {[%clk 00:11:19]} {[%emt 00:03:45]} Rbc8 {[%clk 00:26:52]} {[%emt
00:01:30]} 29. Rec1 {[%clk 00:10:07]} {[%emt 00:01:47]} Qb4 {[%clk 00:26:22]}
{[%emt 00:01:02]} 30. b3 {[%clk 00:09:51]} {[%emt 00:00:48]} Qb6 {[%clk
00:25:01]} {[%emt 00:01:54]} 31. Rxc4 {[%clk 00:10:07]} {[%emt 00:00:14]} Rb8
{[%clk 00:25:28]} {[%emt 00:00:04]} 32. Rc5 {[%clk 00:08:37]} {[%emt 00:02:03]}
Qe6 {[%clk 00:25:25]} {[%emt 00:00:32]} 33. h3 {[%clk 00:07:25]} {[%emt
00:01:45]} Ra8 {[%clk 00:25:10]} {[%emt 00:00:47]} 34. R1c4 {[%clk 00:06:59]}
{[%emt 00:00:58]} Kh7 {[%clk 00:24:19]} {[%emt 00:01:24]} 35. Qh4+ {[%clk
00:06:43]} {[%emt 00:00:46]} Kg8 {[%clk 00:24:48]} {[%emt 00:00:02]} 36. Qe4
{[%clk 00:06:54]} {[%emt 00:00:19]} a5 {[%clk 00:24:50]} {[%emt 00:00:28]} 37.
d5 {[%clk 00:06:19]} {[%emt 00:01:07]} Qb6 {[%clk 00:25:11]} {[%emt 00:00:08]}
38. Kh1 {[%clk 00:06:01]} {[%emt 00:00:49]} a4 {[%clk 00:25:30]} {[%emt
00:00:12]} 39. bxa4 {[%clk 00:03:49]} {[%emt 00:02:48]} Qb2 {[%clk 00:25:11]}
{[%emt 00:00:51]} 40. d6 {[%clk 00:02:44]} {[%emt 00:01:38]} Qf2 {[%clk
00:23:55]} {[%emt 00:01:48]} 41. Qf4 {[%clk 00:23:17]} {[%emt 00:10:18]} Qxa2
{[%clk 00:52:57]} {[%emt 00:01:30]} 42. Rc7 {[%clk 00:22:29]} {[%emt 00:01:23]}
Rf8 {[%clk 00:52:55]} {[%emt 00:00:34]} 43. Qd4 {[%clk 00:21:29]} {[%emt
00:01:34]} Qb1+ {[%clk 00:50:37]} {[%emt 00:02:53]} 44. Kh2 {[%clk 00:21:45]}
{[%emt 00:00:13]} Qf5 {[%clk 00:51:00]} {[%emt 00:00:07]} 45. Re7 {[%clk
00:19:39]} {[%emt 00:02:37]} 1-0